000 00663nam a2200253Ia 4500
003 OSt
005 20220918222514.0
006 a|||||r|||| 00| 0
007 ta
008 220917b |||||||| |||| 00| 0 eng d
024 _a217,157
037 _cTextual
040 _aARTS
_cARTS
_beng
041 _2eng
_aeng
082 _aX:75.1TH, P3
100 _aHandelman Howard
_9143366
245 0 _aChallenge of third world development
250 _a3rd
260 _aNew Jersey
_bPrentice Hall
_c2003
300 _axiii, 321p
_ccm.
650 _aECONOMICS
942 _hX:75.1TH, P3
_cTEXL
_2CC
999 _c275757
_d275757